Ankara'da Gökçek'li yıllar (Record no. 863)

MARC details
000 -BAŞLIK
Sabit Uzunlukta Kontrol Alanı 00630na a2200241 4500
001 - KONTROL NUMARASI
Denetim Alanı 15462
003 - KONTROL NUMARASI IDENTIFIER
Denetim Alanı MIRAKIL
005 - SON İŞLEM TARİHİ VE ZAMANI
Denetim Alanı 20181213154804.0
008 - SABİT-BOY VERİ ELEMANLARI - GENEL BİLGİLER
Sabit Uzunlukta Kontrol Alanı 161018b tu 000 0
020 ## - ULUSLARARASI STANDART KİTAP NUMARASI
Uluslararası Standart Kitap Numarası 9759645106
035 ## - SİSTEM KONTROL NUMARASI
Sistem Kontrol Numarası 14074
040 ## - KATALOGLAMA KAYNAK
Orijinal Kataloglama Ajansı Milas
Kataloglama Dili tur
Metne Dönüştürmek Ajansı TR-AnCHP
041 ## - DİL KODU
Metin / Ses Parça Veya Ayrı Başlığın Dil Kodu tur
082 ## - DEWEY ONLU SINIFLANDIRMA NUMARASI
Sınıflandırma Numarası 352.008
Ürün Numarası E63a 1997
090 ## - SINIFLAMA NUMARASI
Sınıflama Numarası 352.008 E63a 1997
100 ## - ANA GİRİŞ - KİŞİSEL İSİM
Kişisel Ad Eren, Muhsin
245 ## - BAŞLIK TABLOSU
Başlık Ankara'da Gökçek'li yıllar
Sorumluluk Tablosu, Vb Muhsin Eren
260 ## - YAYIN, DAĞITIM, VB
Yayın, Dağıtım, Vb Yeri [y.y.]
Yayıncı, Dağıtıcı, Vs Adı Zirve Ofset
Yayın, Dağıtım, Vb Tarihi 1997
300 ## - FİZİKSEL TANIM
Kapsam 79 s.
Boyutlar 19 sm.
650 ## - KONU KATMA GİRİŞ - TOPİKAL DÖNEM
Topikal Süreli Veya Coğrafi Ad Giriş Elemanı Belediye yönetimi
Genel Alt Bölümü Türkiye
Kronolojik Alt Bölümü Ankara
650 ## - KONU KATMA GİRİŞ - TOPİKAL DÖNEM
Topikal Süreli Veya Coğrafi Ad Giriş Elemanı Belediyeler
Genel Alt Bölümü Türkiye
Kronolojik Alt Bölümü Ankara
942 ## - EKLENDİ GİRİŞ ELEMANLARI (KOHA)
Sınıflandırma Veya Raf Düzeni Kaynak
Koha Öğesi Türü Books
999 ## - SİSTEM KONTROL NUMARALARI (KOHA)
Koha Biblionumber 863
Koha Biblioitemnumber 863
Holdings
Kalıcı Konum Mevcut Konum Edinme Tarihi Edinim Kaynak Toplam Check-Out'Lar Tam Çağrı Numarası Barkod Tarih Son Görülme İtibaren Geçerli Fiyatlar Koha Öğesi Türü
CHP Kütüphanesi CHP Kütüphanesi 09/09/2016 Bağış   352.008 E63a 1997 003431 09/09/2016 09/09/2016 Books